|
|
|
|
| LEADER |
00000nab a2200000uu 4500 |
| 001 |
vtls011493954 |
| 003 |
SK-MaSNL |
| 005 |
20260303210812.0 |
| 008 |
230121|2012 xo |||||||||||||||||slo| |
| 015 |
|
|
|a SNBRB
|
| 035 |
|
|
|a (urnnbn)urn:nbn:sk:snk:ar-007rq0
|
| 035 |
|
|
|a (uuid)533d1420-c580-4f88-896b-051fee49898b
|
| 035 |
|
|
|a urn:nbn:sk:snk-abdic9
|
| 040 |
|
|
|a SNKBUCL
|b slo
|c SNKBUCL
|e AACR2
|
| 041 |
0 |
|
|a slo
|
| 044 |
|
|
|a xo
|c SK
|
| 100 |
1 |
|
|a Habánová, Hana
|4 aut
|9 622758
|
| 245 |
1 |
0 |
|a SYNDRÓM NEPOKOJNÝCH NÔH POČAS ŽIVOTA ŽENY
|c Michal Minár, Hana Habánová, Ján Benetin, Lgor Rusňák, Peter Valkovič
|
| 246 |
3 |
|
|a Restless legs syndrome during a woman's life
|
| 700 |
1 |
|
|a Benetin, Ján,
|d 1953-
|4 aut
|9 109755
|
| 700 |
1 |
|
|a Rusňák, lgor
|4 aut
|9 1242972
|
| 700 |
1 |
|
|a Minár, Michal
|4 aut
|9 482859
|
| 700 |
1 |
|
|a Valkovič, Peter,
|d 1976-
|4 aut
|9 208405
|
| 773 |
0 |
|
|t Lekársky obzor : odborný časopis Slovenskej zdravotníckej univerzity v Bratislave
|g Roč. 61, č. 2-3 (2012), s. 87-90
|
| 954 |
|
|
|a odborná, vedecká literatúra pôvodná (slovenská)
|2 lita
|
| 958 |
|
|
|a OND
|
| 958 |
|
|
|a EUIPO
|
| 958 |
|
|
|a article18
|
| 999 |
|
|
|c 2201829
|d 2203759
|